Quizzes
Events
Quiz Creation
Community
Videos
Private Events
Remove Ads
Sign In
Join for FREE
Feedback
Dark Mode
Quiz Categories
Sports
Geography
Music
Movies
Television
Just For Fun
Miscellaneous
History
Literature
Language
Science
Gaming
Entertainment
Religion
Holiday
For Kids
Quiz Lab
Recent
Popular Today
Quiz Kudos Today
Editor Picks
Curator Picks
Quizzes by...
Day
Popularity
Type
Ratings
Length
Year
Community
Subscriptions
Recent Discussions
Orange Saloon
Badges
Playlists
Quests
Create
Leaderboards
Showdown
Live 5
Trivia Bingo
Activity
Puzzle Library
Sporcle Events
Private Events
Virtual Trivia
Globe League
Become a Host
Pub Owners
SporcleCon
Opinionation
Our Games
Videos
Blog
Mobile Apps
Partnerships
Remove Ads and Go Orange
Feedback
Music
Pop Music
The Beatles
Song
Album
Lyrics
Bands
Singers
Artist
Clip
Rock
Rap
Classical
Billboard
Country Music
Kpop
Taylor Swift
Music
Pop Music
The Beatles
Song
Album
Lyrics
Bands
Singers
Artist
Clip
Rock
Rap
Classical
Billboard
Country Music
Kpop
Taylor Swift
Random Quiz
Search Sporcle
×
Quiz Lab
Quiz Lab
Music
Song
Type in answers that appear in a list
Type in answers that appear in a list
Classic
Best Score? Go Orange.
Scouting For Girls Songs Stats
Can you name the Scouting For Girls Songs?
By
snazzyhazzy
5m
20 Questions
369 Plays
369 Plays
369 Plays
Comments
Comments
Give Quiz Kudos
Give Quiz Kudos
-
- Ratings
hide this ad
Replay
Link that replays current quiz
Next Quiz
Link to next quiz in quiz playlist
You Got
0%
They Got
Avg Score
47%
Avg Friend Score
Upgrade to see
Score Distribution
Jump to the score distribution portion of the page
Score
0/20
Timer
05:00
0
Plays Today
Album
Song
% Correct
Scouting For Girls
She's So Lovely
84.6%
Scouting For Girls
Heartbeat
75.3%
Scouting For Girls
Elvis Ain't Dead
66.9%
Everybody Wants To Be On TV
This Ain't a Love Song
65.6%
Everybody Wants To Be On TV
Famous
64.8%
Scouting For Girls
James Bond
62.9%
Everybody Wants To Be On TV
Posh Girls
59.6%
Everybody Wants To Be On TV
1+1
50.9%
Scouting For Girls
The Airplane Song
48.8%
Scouting For Girls
Keep On Walking
48.2%
Album
Song
% Correct
Scouting For Girls
It's Not About You
41.7%
Scouting For Girls
The Mountains Of Navaho
40.1%
Scouting For Girls
I Need a Holiday
38.8%
Everybody Wants To Be On TV
Little Miss Naughty
33.9%
Everybody Wants To Be On TV
On The Radio
33.3%
Everybody Wants To Be On TV
Blue As Your Eyes
32.8%
Scouting For Girls
I'm Not Over You
32.5%
Everybody Wants To Be On TV
Goodtime Girl
30.4%
Everybody Wants To Be On TV
Take A Chance
26.8%
Everybody Wants To Be On TV
Don't Want To Leave You
18.2%
Quiz Playlist
Details
Report
Send in Message
Add To Playlist
Classic:
Type in answers that appear in a list
Last Updated: Feb 16, 2017
Quiz Scoreboard
CHALLENGE
Sign Up to Join the Scoreboard
Show All
Scores
Hide
Comments
May contain spoilers
Recently Published
Decade Duel: World Leaders
by jenniferyan
History
4m
Alphabetical 'K' Countries by Flag Minefield
by ylime102
Geography
3m
Pick 6: Fruits
by JohnFran
Miscellaneous
15s
More to Explore
Quiz From the Vault
Featured Blog Post
15 Basketball Trivia Facts You Can Be March Mad About
hide this ad
You Might Also Like...
Tags
Song Quiz
Today's Top Quizzes in Music
Browse Music
hide this ad
Today's Top Quizzes in Song
Browse Song
Top Contributed Quizzes in Music
1
Taylor Swift All Songs (2024)
2
A Taylor Swift Logic Puzzle
3
KPOP LOGIC QUIZ
4
Taylor Swift Logic Puzzle
5
Guess the Taylor Swift song (Mystery Song)
6
Guess The Taylor Swift Lyrics Song #1
7
Kpop murder mystery 1
8
kpop group name match up
9
K-Pop : 100 Debut Songs (Part 1 of 3)
10
K-Pop Murder Mystery Logic Quiz
Explore More
Trending Topics
Crossword
Marvel
Anime
Harry Potter
NBA
Kpop
Disney
Song
NFL
Pokémon
WWE
Soccer
Puzzle
The Office
Country
hide this ad
More By:
snazzyhazzy
Quiz
Plays
Rating
Category
Featured
Created
Scouting For Girls Songs
369
3.67
Music
Jan 23, 2011
Longest European Rivers
363
4.14
Geography
Feb 5, 2011
Scouting For Girls Lyrics
343
3.00
Music
Feb 6, 2011
Proffessional Sport Teams of Sheffield
303
4.00
Sports
Jan 25, 2011
Go to Creator's Profile
Score Distribution
Quiz Creator Spotlight
snazzyhazzy
Follow
Send a Message
Quizzes Created
-
Created Quiz Play Count
-
More By This Creator
Popular Quizzes Today
1
Countries of Asia Without Outlines Minefield
2
Find the US States - No Outlines Minefield
3
Pick 6: Fruits
4
Alphabetical 'K' Countries by Flag Minefield
5
The Countries of the World
6
Find the Countries of Europe - No Outlines Minefield
7
Find the US States
8
US States
More Music Quizzes
Band Member Click: Pet Shop Boys
Quiz Lab
Trending Quizzes
Pick 6: Mountains
Pick 6: Harry Potter
Pick 6: Flags
Pick 6: NFL Teams
Pick 6: Movie Franchises
Recently Updated
NWSL Teams
pecheneg
Women's Final Four Teams by Year
bhenderson79
Presidents Quartet II
eogle
Anything But Clue(do)
eogle
Anything But Oceanian Capitals
eogle
Anything But 7
eogle
Anything But Thing
eogle
Word Ladder: February 29
pecheneg
Song Title Questions
pecheneg
Women's NCAA Tournament #1 Seeds
pecheneg
Trending Topics
Disney
Harry Potter
Anime
Crossword
Kpop
NBA
Marvel
Country
Pokémon
Song
NFL
The Office
Soccer
WWE
Puzzle
Your Account Isn't Verified!
In order to create a playlist on Sporcle, you need to verify the email address you used during registration. Go to your
Sporcle Settings
to finish the process.
Report this User
Report this user for behavior that violates our
Community Guidelines
.
Details:
Send Report
Go to the Sporcle.com Mobile Site →
Comments